Salud reproductiva y migración nicaragüense en Costa Rica 1999-2000. Encuesta Nacional de Salud Reproductiva: resultados. I parte: Salud y características reproductvicas de la mujeres residentes en Costa Rica, 1999 /
Se presentan y analizan los resultados de la encuesta referentes al conocimiento, acceso y uso de la planificación familiar en Costa Rica. En el análisis de uso de anticonceptivos se analiza el uso en el pasado y el uso actual de métodos, incluyendo la esterilización. Aspectos relacionados con la of...
محفوظ في:
| مؤلفون مشاركون: | , |
|---|---|
| التنسيق: | غير معروف |
| منشور في: |
San José:
UCR. FCE. EE. PCP. UCR. INISA
|
| الموضوعات: | |
| الوسوم: |
إضافة وسم
لا توجد وسوم, كن أول من يضع وسما على هذه التسجيلة!
|
MARC
| LEADER | 00000 a2200000 04500 | ||
|---|---|---|---|
| 001 | 19119 | ||
| 003 | |||
| 008 | 991231s d | ||
| 040 | |||
| 090 | |a 145104 | ||
| 110 | |a Universidad de Costa Rica. Facultad de Ciencias Económicas. Escuela de Estadística. Programa Centroamericano de Población | ||
| 245 | |a Salud reproductiva y migración nicaragüense en Costa Rica 1999-2000. Encuesta Nacional de Salud Reproductiva: resultados. I parte: Salud y características reproductvicas de la mujeres residentes en Costa Rica, 1999 / |c Universidad de Costa Rica. Facultad de Ciencias Económicas. Escuela de Estadística. Programa Centroamericano de Población | ||
| 260 | |a San José: |b UCR. FCE. EE. PCP. UCR. INISA | ||
| 300 | |a xii, 197 p. | ||
| 520 | |a Se presentan y analizan los resultados de la encuesta referentes al conocimiento, acceso y uso de la planificación familiar en Costa Rica. En el análisis de uso de anticonceptivos se analiza el uso en el pasado y el uso actual de métodos, incluyendo la esterilización. Aspectos relacionados con la oferta y acceso a servicios de planificación familiar se consideran en las dos secciones finales. Doc/PAG | ||
| 650 | |a PLANIFICACION FAMILIAR | ||
| 650 | |a METODOS ANTICONCEPTIVOS | ||
| 650 | |a ACCESO A LA SALUD | ||
| 710 | |a Universidad de Costa Rica. Instituto de Investigaciones en Salud | ||
| 999 | |c 11498 |d 11498 | ||
